| 000 | 00758nam a2200301Ia 4500 | ||
|---|---|---|---|
| 001 | 52499 | ||
| 005 | 20240114005308.0 | ||
| 007 | ta | ||
| 008 | 100811s2007 g b000 u 903 u | ||
| 020 | _a81-219-0341-6 | ||
| 040 | _aCotton College,Assam | ||
| 041 | _a903 | ||
| 082 |
_a581.6 _bPa 192 Ec |
||
| 100 | _aPandey, B.P . | ||
| 245 | 0 |
_aEconomic Botany / _cB.P.Pandey. _hTextual Documents |
|
| 250 | _a7th revised ed. / | ||
| 260 |
_aNew Delhi : _bS.Chand & Company Ltd. , _c2007. |
||
| 300 |
_a628pg ; _c20cm. |
||
| 653 | _aBotany | ||
| 653 | _aEconomic Botany | ||
| 653 | _aBotany-Economic | ||
| 653 | _aG- Botany | ||
| 942 |
_2ddc _cBK |
||
| 999 |
_c52463 _d52463 |
||